Double Rapide Typage A à Z - Statistiques

Statistiques générales
  • Ce quiz a été pris 5 568 fois
  • Le résultat moyen est 30 sur 52
Statistiques - réponses
lettre % Correct
a
100%
b
94%
c
91%
d
90%
e
89%
f
88%
g
87%
h
86%
i
86%
j
85%
k
84%
l
84%
m
83%
n
81%
o
81%
p
80%
q
79%
r
78%
s
78%
t
77%
u
76%
v
74%
w
72%
x
69%
y
66%
z
65%
A
60%
B
56%
C
54%
D
51%
E
50%
F
48%
G
46%
H
44%
I
42%
J
38%
K
36%
L
35%
M
34%
N
31%
O
30%
P
29%
Q
26%
R
24%
S
22%
T
20%
U
19%
V
17%
W
15%
X
13%
Y
11%
Z
11%
Aucun quiz correspondant
Distribution des résultats
% des personnes avec chaque résultat
Percentile par nombre de réponses
Votre historique - résultats
Vous n’avez pas pris ce quiz